000 00306nam a22001337a 4500
008 170526b xxu||||| |||| 00| 0 eng d
020 _a639785333241
041 _aeng
080 _22ND
_a621.3
100 _a25
101 _aIM
245 _aELECTRICAL POWER SYSTEMS QUALITY
_cDUGAN,R.C
942 _2udc
_cBK
999 _c14304
_d14304